Tramwaje Warszawa- Linia 31 (przystanki) - Statystyki

Ogólne statystyki
  • Ten quiz został rozwiązany 66 razy
  • Średni wynik to 9 z 10
Statystyki odpowiedzi
Numer przystanku Nazwa przystanku % Poprawnych
2. Telewizja Polska
98%
1. Metro Wierzbno
96%
10. PKP Służewiec
96%
4. Woronicza
94%
7. Rondo Unii Europejskiej
92%
3. Samochodowa
90%
9. Wynalazek
90%
6. Domaniewska
85%
8. Postępu
83%
5. Konstruktorska
75%
Nie znaleziono quizów pasujących do podanych kryteriów
Rozkład punktacji
Procent ludzi z każdym wynikiem
Percentyl według liczby udzielonych odpowiedzi
Twoja historia wyników
Nie rozwiązałeś tego quizu